| 000 | 00506nam a2200181Ia 4500 | ||
|---|---|---|---|
| 001 | 2668 | ||
| 005 | 20260306144824.0 | ||
| 008 | 260306t1969||||xx |||||||||||||| ||spa|| | ||
| 041 | _aESP | ||
| 082 |
_a202 _bC265 |
||
| 100 |
_aConcilio Ecuménico Vaticano II _eAUT |
||
| 245 | 0 |
_aDocumentos del Concilio Ecuménico Vaticano II: _btexto oficial de la secretaría general del concilio |
|
| 260 | _c1969 | ||
| 300 |
_a892 páginas : _c17 cm. |
||
| 650 | _aGEN | ||
| 654 | _aCHU | ||
| 942 |
_cLIB _dJUS _fJUS _2ddc _n |
||
| 999 |
_c2668 _d2668 |
||